Curso de direito constitucional

Bibliographic Details
Main Author: Cirqueira De Souza, Jadir
Format: Book
Language:Portuguese
Published: Brasil Pillares 2008
Subjects:
Online Access:Acceso restringido

MARC

LEADER 00000nam a22000007a 4500
005 20160510152954.0
007 cr|||| ||u|
008 160510s2008 bl ||||| |||| 00||0 por d
020 |a 978-85-89919-61-6 
035 |a 14214 
040 |a vLex 
090 |c 6073  |d 6073 
100 1 |a Cirqueira De Souza, Jadir  
245 1 0 |a  Curso de direito constitucional  |h [Recurso electrn̤ico] /  |c Jadir Cirqueira De Souza 
256 |a Servicio en ln̕ea  
260 |a Brasil  |b Pillares  |c 2008 
300 |a 1 recurso electrn̤ico  
500 |a O livro trata as regras e dos princp̕ios positivados na vigente Constituiȯ̂ Federal publicada em 5 de outubro de 1988. Apesar de concentrar-se nas principais normas em vigor, apresenta aspectos histr̤icos e conceituais em relaȯ̂ s̉ mais importantes temt̀icas constitucionais. Enfim, trata das importantes queste̳s doutrinr̀ias constitucionais, comumente estudadas nas universidades e nos tribunais brasileiros. 
506 1 |a Contenido solo disponible en los productos indicados  |d vLex Global  |d vLex Global (Academic Edition, excluding Law Schools)  |d vLex Global (U.S. Academic Edition, Law Schools)  |d vLex Global (U.S. Academic Edition, excluding Law Schools)  |d vLex Global (Academic Edition, Law Schools) 
650 0 4 |a Derecho constitucional   |z Brasil  
740 0 |a vLex libros (servicio en ln̕ea)  
856 4 0 |u http://vlex.com/source/curso-de-direito-constitucional-14214  |z Acceso restringido 
942 |c BOOK 
999 0 |a Constitutional law  |b Brasil